<?xml version="1.0" encoding="UTF-8"?>
<marc:record xmlns:marc="http://www.loc.gov/MARC21/slim">
   <marc:leader>00000nam a2200000 a 4500</marc:leader>
   <marc:datafield ind1="0" ind2="0" tag="245">
      <marc:subfield code="a">Es war einmal ...</marc:subfield>
   </marc:datafield>
   <marc:datafield ind1="0" ind2="0" tag="245">
      <marc:subfield code="b">meine ersten Märchen der Brüder Grimm</marc:subfield>
   </marc:datafield>
   <marc:datafield ind1=" " ind2="1" tag="264">
      <marc:subfield code="a">Münster</marc:subfield>
      <marc:subfield code="b">Coppenrath</marc:subfield>
      <marc:subfield code="c">2012</marc:subfield>
   </marc:datafield>
   <marc:datafield ind1="1" ind2=" " tag="520">
      <marc:subfield code="a">Angaben aus der Verlagsmeldung &#xD;
&#xD;
 &#xD;
&#xD;
  Es war einmal... Meine ersten Märchen der Brüder Grimm  &#xD;
&#xD;
 &#xD;
Die schönsten klassischen Märchen der Brüder Grimm im beliebten Vorlese-Format! Die behutsam gekürzten und vereinfachten Texte und die zahlreichen, farbenfrohen Illustrationen machen diesen Märchenschatz auch für jüngere Kinder attraktiv – zum Vorlesen, Nacherzählen und Immer-wieder-Ansehen. Folgende Märchen finden sich in dem Buch: Der Froschkönig, Frau Holle, Der süße Brei, Rotkäppchen, Aschenputtel, Die Bremer Stadtmusikanten, Dornröschen, Hänsel und Gretel, Die Sterntaler.</marc:subfield>
   </marc:datafield>
   <marc:datafield ind1=" " ind2=" " tag="020">
      <marc:subfield code="a">9783649603566</marc:subfield>
      <marc:subfield code="9">9783649603566</marc:subfield>
   </marc:datafield>
   <marc:datafield ind1=" " ind2=" " tag="020">
      <marc:subfield code="a">364960356X</marc:subfield>
      <marc:subfield code="9">364960356X</marc:subfield>
   </marc:datafield>
   <marc:datafield ind1=" " ind2=" " tag="041">
      <marc:subfield code="a">ger</marc:subfield>
   </marc:datafield>
   <marc:datafield ind1=" " ind2=" " tag="300">
      <marc:subfield code="b">zahlr. Ill.</marc:subfield>
   </marc:datafield>
   <marc:datafield ind1=" " ind2=" " tag="338">
      <marc:subfield code="a">Band</marc:subfield>
   </marc:datafield>
   <marc:datafield ind1=" " ind2=" " tag="300">
      <marc:subfield code="a">[38] S.</marc:subfield>
   </marc:datafield>
</marc:record>
